000 00560nam a2200205Ia 4500
005 20250508151142.0
008 008 250505s9999 xx 000 0 eng d
037 _aTextual
040 _aFEDL
_beng
_cFEDL
041 _aeng
_2eng
084 _a917, MIL
_qFEDL
100 _aMiller George J
_995437
245 0 _aGeography of North America
250 _a2
260 _aNew York, USA
_bJohn Wiley and Sons, Inc
_c1950
300 _axviii,632p
700 _a Parkins Almon E
_9758551
942 _cTEXL
_h917, MIL
999 _c1327914
_d1327914